01120nam a2200301 i 4500001001000000003000900010005001700019007000300036008004100039040003000080041000800110082001900118100001000137110004900147245005200196264005200248300002700300336002700327337003300354338002800387500020300415590002600618650001000644910000700654942001400661952012600675999001700801000004130DO-SdBNP20250616104444.0ta250616s1998 dr r 001 0 spa d aDO-SdBNPbspacBNPHUerda hspa 4axxxbR426L222 912246 aRepública Dominicana. [Leyes, etc.]91108810aLeyes, decretos y reglamentos sobre migración 4aSanto Domingo :bEditora no identificada,c1998 a53 páginas ;c24 cm. atextobtxt2rdacontent asin mediaciónbn2rdamedia avolumenbnc2rdacarrier aReglamento de migración No, 279, del 12 de mayo de 1939, publicado en la gaceta oficial No. 5313, actualizado con todas las modificaciones que se le han hecho hasta la fecha de esta puublicación aInventariado, 2025/DG 912247 aDG 2ddccLBS1 00102ddc51708PDaBNPHUbBNPHUcCTd2025-06-16edonaciónl0oBNPHU PD R426Lp2025-5180r2025-06-16w2025-06-16yLBS1 c59291d59291